[Event "Dresden ZMD op-C 21th"]
[Site "Dresden"]
[Date "2012.08.24"]
[Round "7"]
[White "Hansch, Bianca"]
[Black "Schubert, Bernhard"]
[Result "1/2-1/2"]
[WhiteElo "1177"]
[BlackElo "1234"]
[PlyCount "54"]
[EventDate "2012.08.18"]
[EventType "swiss"]
[EventRounds "9"]
[EventCountry "GER"]
[SourceTitle "CBM 150 Extra"]
[Source "ChessBase"]
[SourceDate "2012.10.19"]
[SourceVersion "1"]
[SourceVersionDate "2012.10.19"]
[SourceQuality "1"]

1. e4 e5 2. Nf3 Nc6 3. Bc4 Bc5 4. c3 Nf6 5. d3 0-0 6. Nbd2 d6 7. b4 Bb6 8. 0-0 a6 9. Re1 Bg4 10. Nf1 Qd7 11. Ng3 h6 12. h3 Be6 13. Bb3 Rfe8 14. Bc2 Rad8 15. Ba4 Ba7 16. Be3 Bxe3 17. fxe3 b5 18. Bc2 Qe7 19. d4 Bd7 20. d5 Na7 21. Rf1 c6 22. Bb3 Bc8 23. Nh4 Nxe4 24. Nhf5 Bxf5 25. Nxf5 Qg5 26. Qd3 Nf6 27. e4 g6 1/2-1/2